000 00543nam a22001457a 4500
999 _c535801
_d535801
082 _a615
100 _aBader, Zarafshan
245 _aTo Study The Nephrotoxicity of Variable Doses of Colistin Sulfate in Rabbits and its Prevention with Alpha Tocopherol and Captopril /
_cZarafshan Bader.
260 _aIslamabad :
_bAMC NUST,
_c2012.
300 _a162 p. : ill. ;
_c30cm.
942 _2ddc
_cTHE
650 _aPharmacology - M Phil Theses.
_930568
700 _aSup Akbar Waheed.
_930667